000 01583cab a2200253 4500
001 E2005
008 090401t1994 xxu||||| |||| 00| 0 eng d
035 _a(Sirsi) u36906
041 _aeng
245 _aHenderson v City of Glasgow District Council
260 _c1994
350 _a0
490 _aScots Law Times
_v1994 SLT 263-267(5)
520 _aExtra Division 24 March 1993. Landlord and tenant - public sector housing - tenants` rights - purchase of dwellinghouse - conditions in offer to sell - pre-emption clause in landlord`s title - offer issued by Lands Tribunal following finding that tenant entitled to purchase - Lands Tribunal not requested to make finding of right to purchase subject to right of pre-emption - whether tribunal obliged or entitled to include condition in offer regarding right of pre-emption - Housing (Scotland) Act 1987 (c.26), s.68(4). Process- appeal - appeal from decision of tribunal - competency - application to Lands Tribunal for finding that tenant entitled to purchase - subsequent declaration by tribunal that such notices had been issued as were required to complete purchase procedure - whether a "decision" from which appeal could be taken - Tribunals and Inquiries Act 1992 (c.53), s.11(1).
650 _aHOUSING (SCOTLAND) ACT 1987
650 _aLANDS TRIBUNAL FOR SCOTLAND
650 _aPRE-EMPTION
650 _aPUBLIC SECTOR HOUSING
650 _aTENANTS' RIGHTS
650 _aTRIBUNALS AND INQUIRIES ACT 1992
690 _aLANDLORD AND TENANT-CASE LAW-RESIDENTIAL TENANCIES
942 _n0
948 _c04/03/1997
999 _c23884
_d23884